01004nam a2200145Ia 45000010005000000080041000050200018000462450075000642600038001393000020001775200593001975460012007906500046008026510010008486552260430s9999 xx 000 0 und d a9780500543627 4aThe eternal light of Egypt: bA photographic journey/ cSarite Sanders aLondon; bThames & Hudson; c2008 a248p; c29x25cm aThe book is a visual and interpretive exploration of ancient Egypt, centered on its monuments—pyramids, temples, statues, and landscapes—rather than a conventional historical narrative. It combines fine-art photography with reflective text, creating a meditative rather than purely descriptive account. At its core, the work presents Egypt’s monuments as living symbols of time, memory, and transcendence. Through the use of infrared photography, the images appear dark, atmospheric, and almost otherworldly, encouraging readers to reconsider familiar sites from a new perspective. aEnglish aTR624-835 Technology- Applied Photography aEgypt